Food versus fuel: an informed introduction to biofuels (Record no. 63205)

MARC details
000 -LEADER
fixed length control field 01049nam a2200217 a 4500
008 - FIXED-LENGTH DATA ELEMENTS--GENERAL INFORMATION
fixed length control field 121113s2010 ||||||||||||||||| || u
020 ## - INTERNATIONAL STANDARD BOOK NUMBER
International Standard Book Number 9781848133839
050 ## - LIBRARY OF CONGRESS CALL NUMBER
Classification number TP 339 Foo
100 ## - MAIN ENTRY--PERSONAL NAME
Personal name Johnson, Francis X
245 10 - TITLE STATEMENT
Title Food versus fuel: an informed introduction to biofuels
Statement of responsibility, etc. edited by Frank Rosillo-Calle; Francis X. Johnson
260 ## - PUBLICATION, DISTRIBUTION, ETC.
Place of publication, distribution, etc. London
Name of publisher, distributor, etc. Zed Books
Date of publication, distribution, etc. 2010
300 ## - PHYSICAL DESCRIPTION
Extent xii, 217p.: ill.
350 ## -
-- 31.95
650 ## - SUBJECT ADDED ENTRY--TOPICAL TERM
Topical term or geographic name entry element ENERGY CONVERSION
650 ## - SUBJECT ADDED ENTRY--TOPICAL TERM
Topical term or geographic name entry element BIOMASS ENERGY
700 ## - ADDED ENTRY--PERSONAL NAME
Personal name Rosillo-Calle, Frank
700 ## - ADDED ENTRY--PERSONAL NAME
Personal name Calle, Frank Rosillo
995 ## -
-- MAIN LIBRARY OPEN ACCESS
-- 745142
-- CBU-MAIN LIBRARY (Kitwe)
-- 31.95
-- TP 339 Foo
-- 2
-- AVAILABLE
-- Apr 24, 2015
-- 745142
-- Main Library Open Access Collection
995 ## -
-- MAIN LIBRARY OPEN ACCESS
-- 745143
-- CBU-MAIN LIBRARY (Kitwe)
-- 31.95
-- TP 339 Foo
-- 3
-- AVAILABLE
-- Apr 24, 2015
-- 745143
-- Main Library Open Access Collection
995 ## -
-- SPECIAL COLLECTIONS
-- 500289
-- CBU-DAG HAMMARSKJOLD INSTITUTE LIBRARY
-- DAG TP 339 Foo
-- 1
-- AVAILABLE
-- Dec 11, 2012
-- 500289
-- DHIPS Book Collection
999 ## -
-- 63205
-- 63205

No items available.